| 000 | 01467cam a22003251ia4500 | ||
|---|---|---|---|
| 003 | SA-RiAUC | ||
| 005 | 20241114063933.0 | ||
| 008 | 241113s2015____su g b 001 0 ara c | ||
| 020 | _z201315141 | ||
| 040 |
_aSA-JeALM _bara _cSA-RiAUC _erda |
||
| 050 | 4 | _b.T53 2015 | |
| 082 | 0 | 4 |
_a227.32 _qSA-RiAUC |
| 090 |
_a227.32 _bث ع ل |
||
| 100 | 1 |
_aالثعلبي، أحمد بن محمد بن إبراهيم، _dتوفي 427 هجري _eمؤلف. |
|
| 245 | 1 | 2 |
_aالكشف والبيان عن تفسير القرآن / _cتأليف أبي إسحاق أحمد بن محمد بن إبراهيم الثعلبي ؛ إشرف على إخراجه صلاح باعثمان [ومجموعة آخرون] ، تحقيق خالد بن عون العنزي |
| 250 | _aالطبعة الأولى. | ||
| 264 | 1 |
_aجدة، السعودية : _bدار التفسير، _c2015 |
|
| 300 |
_a33 مجلد ؛ _c24 سم |
||
| 336 |
_aنص _btxt _2rdacontent _3كتاب |
||
| 337 |
_aبدون وسيط _bn _2rdamedia |
||
| 338 |
_aمجلد _bnc _2rdacarrier |
||
| 500 | _aيشتمل على كشافات. | ||
| 504 | _aيشتمل على إرجاعات ببليوجرافية. | ||
| 630 | 2 | 7 |
_aالقرآن _xتفاسير مأثورة _2aucut |
| 700 | 1 |
_aباعثمان، صلاح بن سالم بن سعيد _eمشرف. |
|
| 700 |
_aالعنزي، خالد بن عون _eمحقق. |
||
| 730 | 2 | 2 | _aالقرآن |
| 942 |
_2ddc _cBOOK _n0 |
||
| 949 |
_aSA-JeALM _d241113 _umohamedma123 _n1 |
||
| 999 |
_c2359 _d2359 |
||